000 00473nam a2200169Ia 4500
999 _c33086
_d33086
003 OSt
005 20200825113502.0
008 190216s9999||||xx |||||||||||||| ||und||
040 _coclc
082 _a530.4
_bUPA/G
100 _aUpadhyaya, J C
_94329
245 0 _aGeneral Properties Of Matter /
_c J C Upadhyaya
260 _bRamprasad&Sons,
_c1986.
_aAgra:
300 _a566p
650 _aPhysics
942 _cBK
_2ddc
_h530.4
_iUPA/G
_k530.4
_mUPA/G